000 00596nam a2200205Ia 4500
005 20250508160823.0
008 008 250505s9999 xx 000 0 eng d
037 _aTextual
040 _aFEDL
_beng
_cFEDL
041 _aeng
_2eng
084 _a150.195, JUN
_qFEDL
100 _aJung C G
245 0 _aAnalytical psychology its theory and practice: The tavistock lectures
260 _aLondon, UK
_bRoutledge and Kegan Paul Limited
_c1968
300 _axix,224p.
365 _aINR
_b22
650 _aPsychology
942 _cTEXL
_h150.195, JUN
999 _c1366801
_d1366801